[Event "MEX-ch 26 (Women)"]
[Site "Merida"]
[Date "2019.05.13"]
[Round "2"]
[White "Zayas Hernandez, Ana Patricia"]
[Black "Matu Carballo, Magdalena"]
[Result "1-0"]
[WhiteElo "1698"]
[BlackElo "1816"]
[PlyCount "123"]
[EventDate "2019.05.12"]
[EventType "swiss"]
[EventRounds "6"]
[EventCountry "MEX"]
[SourceTitle "EXT 2020"]
[Source "ChessBase"]
[SourceDate "2019.10.17"]
[SourceVersion "1"]
[SourceVersionDate "2019.10.17"]
[SourceQuality "1"]

1. e4 e5 2. Nf3 Nf6 3. Nxe5 d6 4. Nf3 Nxe4 5. Bd3 Nf6 6. h3 Nc6 7. c3 Qe7+ 8. Qe2 Ne5 9. Nxe5 Qxe5 10. 0-0 Qxe2 11. Bxe2 Bf5 12. d4 h6 13. Bf4 g5 14. Bh2 0-0-0 15. Nd2 Rg8 16. Nc4 Bg6 17. Rae1 Bg7 18. f4 gxf4 19. Bxf4 Ne4 20. Bh2 h5 21. Ne3 Bh6 22. Nf5 Bxf5 23. Rxf5 Be3+ 24. Kh1 Nf2+ 25. Rxf2 Bxf2 26. Rf1 Bh4 27. Bxh5 Kb8 28. Rxf7 Rdf8 29. g3 Rxf7 30. Bxf7 Rg7 31. gxh4 Rxf7 32. Kg2 Kc8 33. Bg1 Rg7+ 34. Kf2 Kd7 35. Bh2 Ke7 36. Bf4 Ke6 37. h5 Rh7 38. h6 Kf5 39. Kf3 b5 40. h4 a5 41. Bg5 Rh8 42. Ke3 c5 43. dxc5 dxc5 44. Kf3 c4 45. Ke3 Ke5 46. Bf4+ Kf5 47. Bg5 Ke5 48. Bf4+ Kd5 49. Bg5 b4 50. Kf4 Rf8+ 51. Kg4 Ke6 52. Kh5 Kf7 53. h7 Rc8 54. Bf4 Kg7 55. Kg4 Kxh7 56. h5 bxc3 57. bxc3 Rg8+ 58. Kf5 Rg2 59. a3 Ra2 60. Bd6 Kh6 61. Ke4 Rd2 62. Bf4+ 1-0

[Event "Pan American-ch U16 Girls"]
[Site "Oaxtepec"]
[Date "2014.07.16"]
[Round "9"]
[White "Matu Carballo, Magdalena"]
[Black "Besso, Guadalupe"]
[Result "0-1"]
[WhiteElo "1800"]
[BlackElo "1922"]
[PlyCount "90"]
[EventDate "2014.07.11"]
[EventType "swiss"]
[EventRounds "9"]
[EventCountry "MEX"]
[SourceTitle "EXT 2022"]
[Source "ChessBase"]
[SourceDate "2021.10.06"]
[SourceVersion "1"]
[SourceVersionDate "2021.10.06"]
[SourceQuality "1"]

1. e4 c5 2. d4 cxd4 3. c3 dxc3 4. Nxc3 Nc6 5. Nf3 d6 6. Bc4 e6 7. 0-0 Nf6 8. Qe2 Be7 9. Rd1 e5 10. Bg5 Bg4 11. Bd3 0-0 12. Rac1 Kh8 13. a3 Ne8 14. Nd5 f5 15. exf5 Rxf5 16. Be3 Rf8 17. Be4 Bxf3 18. Bxf3 Bg5 19. Rc4 Bxe3 20. fxe3 Ne7 21. g3 Nxd5 22. Bxd5 Qe7 23. Rdc1 Rd8 24. Qg2 Qg5 25. R1c3 Nf6 26. Rc7 Ng4 27. h4 Qh6 28. Qe2 Qg6 29. Bf7 Rxf7 30. Rxf7 Qxf7 31. Qxg4 h5 32. Qe2 Rf8 33. e4 Qg6 34. Kg2 Rf4 35. Rc8+ Kh7 36. Kh2 Rxe4 37. Qc2 d5 38. b4 d4 39. Qc4 Qf6 40. Qg8+ Kg6 41. Qe8+ Qf7 42. Rc6+ bxc6 43. Qxc6+ Kf5 44. Qc8+ Qe6 45. Qh8 Re2+ 0-1

[Event "Pan American-ch U16 Girls"]
[Site "Oaxtepec"]
[Date "2014.07.14"]
[Round "5"]
[White "Fuentes Godoy, Lilia Ivonne"]
[Black "Matu Carballo, Magdalena"]
[Result "1/2-1/2"]
[WhiteElo "1938"]
[BlackElo "1800"]
[PlyCount "110"]
[EventDate "2014.07.11"]
[EventType "swiss"]
[EventRounds "9"]
[EventCountry "MEX"]
[SourceTitle "EXT 2022"]
[Source "ChessBase"]
[SourceDate "2021.10.06"]
[SourceVersion "1"]
[SourceVersionDate "2021.10.06"]
[SourceQuality "1"]

1. d4 d5 2. c4 c6 3. Nf3 Nf6 4. Qc2 Bg4 5. Ne5 e6 6. g3 Be7 7. Bg2 Nbd7 8. Nxg4 Nxg4 9. f3 Ngf6 10. 0-0 0-0 11. b3 Rc8 12. c5 Ne8 13. Bb2 f5 14. e4 fxe4 15. fxe4 Rxf1+ 16. Bxf1 Ndf6 17. e5 Nd7 18. Bh3 Nc7 19. Nc3 Bg5 20. Ne2 Qe7 21. Rf1 Rf8 22. Qd1 Be3+ 23. Kh1 Qg5 24. Bc1 Bxc1 25. Qxc1 Rxf1+ 26. Bxf1 Qxc1 27. Nxc1 Kf7 28. Kg2 Nb5 29. Bxb5 cxb5 30. b4 Nb8 31. Nb3 Nc6 32. a3 b6 33. cxb6 axb6 34. Kf3 Ke7 35. Ke3 Kd7 36. Nc1 Ne7 37. Ne2 Nf5+ 38. Kf3 Kc6 39. h3 Kd7 40. g4 Nh4+ 41. Kg3 Ng6 42. Nf4 Nxf4 43. Kxf4 Ke7 44. h4 Kf7 45. h5 Ke7 46. Kg5 Kf7 47. Kf4 Ke7 48. Ke3 Kd7 49. Kd3 g5 50. Kc3 h6 51. Kb3 Kc7 52. a4 Kb7 53. Ka3 Ka6 54. Kb3 bxa4+ 55. Kxa4 b5+ 1/2-1/2